000 01811cam a2200505 a 4500
001 22011
003 VRT
005 20260317150434.0
008 240315s2011 xo g 000 f slo
015 _aSNBA2011/04-01843
020 _a9788055123714
_q(viaz.)
035 _aB2141886-D8B5-491C-A3F3-E96D56A85867
035 _aurn:nbn:sk:snk-amjgoy
035 _aurn:nbn:sk:snk-am001rqs
039 9 _a202403151821
_bVLOAD
_c202107132125
_dAUTHORITY
_c201808091455
_dVLOAD
_c201707131423
_dmdszk02
040 _aPPPK
_bslo
_cPPPK
_eAACR2
041 1 _aslo
_heng
044 _axo
_cSK
072 7 _a821.111(73)-3
_xAmerická próza
_2konspekt
080 _a821.111(73)-31
_22001
080 _a(0:82-312.4)
_22001
080 _a(0:82-312.5)
_22001
100 1 _aKate, Lauren,
_d1981-
_4aut
240 1 0 _aFallen
_lSlovensky
245 1 0 _aPadlí anjeli
_nPrvá časť
_pPád
_cLauren Kateová ; [z anglického originálu preložila Saskia Hudecová]
246 3 0 _aPád
250 _a[1. vyd.]
260 _aBratislava
_bIkar
_c2011
300 _a302 s.
_c24 cm
500 _aNáz. z obalu. Prvá časť nebezpečne vzrušujúcej a tajomne romantickej tetralógie
655 7 _aamerické romány
_2SNKPH
655 7 _atrilery (romány)
_2SNKPH
655 7 _aľúbostné romány
_2SNKPH
655 7 _aAmerican fiction
_2SNKPHeng
655 7 _aThrillers (novels)
_2SNKPHeng
655 7 _aLove novels
_2SNKPHeng
700 1 _aHudecová, Saskia
_4trl
942 _2ddc
_cKLDO
_n0
949 _617A0686175
_asnkSC 143726/1
_bsnk2011/1734
_o279/11
949 _62889170428
_asavukPV 14570
_bsavuk2011/1779
949 _617A0689199
_asnkSC 143726/1 D1
_bsnk2011/3561
_o279/11
949 _6270001000377641
_asvkbbB 45091-1
_bsvkbbm 716316
949 _6273K0539342
_asvkpoB 86273
_bsvkpo543230
980 _a821.111(73)-31
999 _c22011
_d22011